Guide pratique de la micro infomatique et des logiciels educatifs

Zapisane w:
Opis bibliograficzny
Format: Książka
Język:Undetermined
Wydane: Paris Hachette 1985
Hasła przedmiotowe:
Etykiety: Dodaj etykietę
Nie ma etykietki, Dołącz pierwszą etykiete!
Thư viện lưu trữ: Trung tâm Học liệu Trường Đại học Cần Thơ
LEADER 00440nam a2200145Ia 4500
001 CTU_5113
008 210402s9999 xx 000 0 und d
082 |a 004.77 
082 |b G954 
245 0 |a Guide pratique de la micro infomatique et des logiciels educatifs 
260 |a Paris 
260 |b Hachette 
260 |c 1985 
650 |a programming languages ( electronic computers ) 
980 |a Trung tâm Học liệu Trường Đại học Cần Thơ